Harry Potter Characters A - Z - Statistics

General Stats
  • This quiz has been taken 1,910 times
    1,900 since last reset
  • The average score is 19 of 24
Answer Stats
Hint Answer % Correct
A - Dumbledore albus
99%
C - Diggory cedric
97%
D - Malfoy draco
97%
H - Potter harry
95%
J - Potter james
94%
O - Wood oliver
91%
T - Riddle tom
91%
P - Dursley petunia
88%
L - Brown lavender
87%
I - Karkaroff igor
85%
V - Crabbe vincent
82%
B - Bagshot bathilda
80%
K - Shacklebolt kingsley
80%
M - Dursley marjorie
79%
R - Black regulus
79%
S - Trelawney sybill
79%
F - Greyback fenrir
76%
X - Lovegood Xenophilius
75%
N - Flamel nicolas
73%
G - Delacour gabrielle
68%
Z - Smith zacharias
60%
E - Doge elphias
58%
Q - Quirrell quirinus
56%
W - Grubbly - Plank wilhelmina
38%
No matching quizzes found
Score Distribution
Percent of People with Each Score
Percentile by Number Answered
Your Score History
You have not taken this quiz since the last reset